| 000 | 00866nam a2200241 a 4500 | ||
|---|---|---|---|
| 001 | 83718 | ||
| 003 | BD-RjUL | ||
| 005 | 20240512110141.0 | ||
| 008 | 240512s1994 bg a|||| m||| 00| 0 eng d | ||
| 035 | _a(BD-RjUL)83718 | ||
| 040 |
_aBD-RjUL _beng _cBD-RjUL _dBD-RjUL |
||
| 041 | _aeng | ||
| 082 |
_223 _a584.92 _bTAS 1994 |
||
| 100 |
_aTalukder, Md. Ibrahim _912963 |
||
| 245 | 1 | 0 |
_aStdudies on White Leaf Disease of Sugarcane in Bangladesh / _cBy Md. Ibrahim Talukder ; _6Supervisor : M. S. Alam |
| 260 |
_aRajshahi : _bDepartment of Botany, Univerity of Rajshahi, _c1994 |
||
| 300 |
_axiii, 196 Leaves : _bill, ; _c29 cm. |
||
| 502 | _aThesis (Ph. D.) -- Department of Botany, Univerity of Rajshahi,1994 | ||
| 504 | _aLiterature Cited : Leaves 176-195 | ||
| 650 |
_aPanicoldeae _vSugarcane _912957 |
||
| 700 |
_aAlam, M. S., Supervisor _94948 |
||
| 942 |
_2ddc _cTHE |
||
| 999 |
_c83718 _d83718 |
||